000 00512nmm a2200205 a 4500
003 AR-BaBNM
005 20251128202708.0
008 287019s1969 ||||||||||||||000 | spa||
040 _cAR-BaBNM
100 1 _aAlcaide, Pedro Osvaldo
245 1 0 _aTemas de sintaxis
260 _aSantiago del Estero
_bDirección General de Cultura
_c1969
300 0 _a89 p.
650 4 _aSINTAXIS
650 4 _aGRAMATICA
650 4 _aESTILO LITERARIO
653 _aENSENANZA DE LA LENGUA
942 _cBK
998 _cCarmen
999 _c161
_d161